000
00273nam a2200109Ia 4500
008
210430s9999 xx 000 0 und d
082
_a
665.81 H992 H
100
_a
Yuda Yurum
_9
53010
245
_a
Hydrogen Energy System
_c
Yuda Yurum
300
_a
341 p.
942
_c
BK
_2
ddc
999
_c
562548
_d
562548